000 01122nam a22003257a 4500
003 CHAP
005 20220817042500.0
008 971013s1969 it r 00010 spa d
010 _a45951
011 _a46923
035 _a51064
040 _cCHAP
082 _a636.2
_bF36
110 _aFAO
245 1 0 _aRazas europeas de ganado bovino
_c/por M.H. French
260 _aRoma :
_bFAO,
_c1969
300 _a2 v. :
_bilus.
490 _aFAO. Estudios agropecuarios
_v; 67
590 _aBATCH-UPD
_b10
_c20130110
_lUCH01
_h2103
590 _aCONVERSION
_b10
_c20130109
_lUCH01
_h1325
650 1 4 _aGanado vacuno.
_945425
700 0 _aFrench, M. H.
_943170
830 0 _aFAO. Estudios agropecuarios
_v; 67
_939546
901 _aBK
942 _cLIBRO
949 _a636.2 F36
_bBC
_cFAO
_d33724002255223
_eFAO1
_fv.1
_gDonaciØn
_h13153
_i51064
_si
949 _a636.2 F36
_bBC
_cFAO
_d33724002255629
_eFAO2
_fv.2 c.2
_gDonaciØn
_h115135
_i51064
_sb
949 _a636.2 F36
_bBC
_cFAO
_d33724002255660
_eFAO2
_fv.1 c.2
_gDonaciØn
_h28361
_i51064
_sb
949 _a636.2 F36
_bBC
_cFAO
_d33724002255702
_eFAO2
_fv.2
_gDonaciØn
_h13154rep.
_i51064
_sb
999 _c45951
_d45951